[Event "POL-ch Rapid U18"]
[Site "Bydgoszcz"]
[Date "2023.08.30"]
[Round "7"]
[White "Madej, Marek"]
[Black "Wiatrowski, Zbigniew"]
[Result "1-0"]
[WhiteElo "1962"]
[BlackElo "1886"]
[PlyCount "113"]
[EventDate "2023.08.28"]
[EventType "swiss"]
[EventRounds "11"]
[EventCountry "POL"]
[SourceTitle "EXT 2024"]
[Source "ChessBase"]
[SourceDate "2023.10.10"]
[SourceVersion "1"]
[SourceVersionDate "2023.10.10"]
[SourceQuality "1"]

1. e4 c5 2. Nc3 Nc6 3. Nge2 e6 4. d4 cxd4 5. Nxd4 Nf6 6. Nxc6 bxc6 7. e5 Nd5 8. Ne4 Qc7 9. f4 Qb6 10. c4 Bb4+ 11. Ke2 f5 12. Nf2 Ba6 13. Kf3 Ne7 14. Be3 Bc5 15. Bxc5 Qxc5 16. Qd6 Qxd6 17. exd6 Ng6 18. Re1 c5 19. h4 0-0 20. b3 Rac8 21. Nd3 Rc6 22. Be2 Rfc8 23. h5 Nh8 24. Ne5 Rxd6 25. Rd1 Bb7+ 26. Kg3 Rxd1 27. Rxd1 d5 28. Bf3 Rd8 29. cxd5 exd5 30. Rc1 Rc8 31. Nd7 Nf7 32. Nxc5 Ba8 33. b4 Nd6 34. Rd1 Ne4+ 35. Bxe4 fxe4 36. Kf2 Kf7 37. Ke3 Ke7 38. Kd4 Kd6 39. g4 a5 40. a3 axb4 41. axb4 Rb8 42. Rb1 Bc6 43. f5 Bb5 44. h6 gxh6 45. Rh1 Bc4 46. Rxh6+ Ke7 47. Rxh7+ Kd8 48. Rh8+ Kc7 49. Rxb8 Kxb8 50. g5 Be2 51. g6 Bh5 52. Nd7+ Kc7 53. Ne5 e3 54. Kxe3 Kd6 55. g7 Kxe5 56. g8Q Kxf5 57. Qxd5+ 1-0

[Event "Lazy Baltic Pearl op-A 19th"]
[Site "Lazy"]
[Date "2023.07.03"]
[Round "8"]
[White "Maciaszek, Karol"]
[Black "Wiatrowski, Zbigniew"]
[Result "1-0"]
[WhiteElo "1731"]
[BlackElo "1773"]
[PlyCount "87"]
[EventDate "2023.06.26"]
[EventType "swiss"]
[EventRounds "9"]
[EventCountry "POL"]
[SourceTitle "EXT 2024"]
[Source "ChessBase"]
[SourceDate "2023.10.10"]
[SourceVersion "1"]
[SourceVersionDate "2023.10.10"]
[SourceQuality "1"]

1. d4 Nf6 2. Bg5 e6 3. e4 h6 4. Bxf6 Qxf6 5. Nc3 Bb4 6. Qd3 c5 7. e5 Qe7 8. 0-0-0 Bxc3 9. Qxc3 Nc6 10. dxc5 Qg5+ 11. Kb1 Qxe5 12. Qa3 0-0 13. Nf3 Qf4 14. Bb5 b6 15. Bxc6 dxc6 16. cxb6 Qb8 17. b7 Qxb7 18. Rd4 e5 19. Nxe5 c5 20. Qxc5 Qxg2 21. Rhd1 Be6 22. R4d3 Rac8 23. Qd4 Qxh2 24. Rg3 Rcd8 25. Nd7 f6 26. Nxf6+ Kf7 27. Qxa7+ Kxf6 28. Qxg7+ Kf5 29. Rf3+ Ke4 30. Re3+ Kf5 31. Rde1 Qxf2 32. Qe5+ Kg6 33. Rg3+ Qxg3 34. Qxg3+ Kh7 35. b3 Rde8 36. Rg1 Rg8 37. Qd3+ Kh8 38. Rg6 Bf7 39. Rxh6+ Kg7 40. Rh7+ Kf8 41. Qd6+ Re7 42. a4 Rg1+ 43. Kb2 Bg8 44. a5 1-0

[Event "Lazy Baltic Pearl op-A 19th"]
[Site "Lazy"]
[Date "2023.06.30"]
[Round "5"]
[White "Wiatrowski, Zbigniew"]
[Black "Kusiak, Mateusz"]
[Result "1-0"]
[WhiteElo "1773"]
[BlackElo "1943"]
[PlyCount "63"]
[EventDate "2023.06.26"]
[EventType "swiss"]
[EventRounds "9"]
[EventCountry "POL"]
[SourceTitle "CBM 215 Extra"]
[Source "ChessBase"]
[SourceDate "2023.09.30"]
[SourceVersion "1"]
[SourceVersionDate "2023.09.30"]
[SourceQuality "1"]

1. e4 c5 2. Nf3 Nc6 3. Bb5 e5 4. 0-0 Bd6 5. c3 a6 6. Ba4 b5 7. Bc2 Nge7 8. d3 h6 9. Be3 Qc7 10. Nbd2 Bb7 11. a4 g6 12. Nb3 c4 13. Nbd2 cxd3 14. Bxd3 b4 15. Nc4 Nc8 16. Nxd6+ Qxd6 17. Qe2 g5 18. Rfd1 Qg6 19. cxb4 Nxb4 20. Nxe5 Qe6 21. Nxd7 Nd6 22. Nc5 Qe7 23. Nxb7 Nxb7 24. Bb5+ axb5 25. Qxb5+ Kf8 26. Rd7 Nd6 27. Rxd6 Nc2 28. Bc5 Kg8 29. Rg6+ fxg6 30. Bxe7 Nxa1 31. Bf6 Rc8 32. Qd5+ 1-0

[Event "Lazy Baltic Pearl op-A 19th"]
[Site "Lazy"]
[Date "2023.06.27"]
[Round "2"]
[White "Makhynia, Kostiantyn"]
[Black "Wiatrowski, Zbigniew"]
[Result "0-1"]
[WhiteElo "2015"]
[BlackElo "1773"]
[PlyCount "116"]
[EventDate "2023.06.26"]
[EventType "swiss"]
[EventRounds "9"]
[EventCountry "POL"]
[SourceTitle "CBM 215 Extra"]
[Source "ChessBase"]
[SourceDate "2023.09.30"]
[SourceVersion "1"]
[SourceVersionDate "2023.09.30"]
[SourceQuality "1"]

1. d4 Nf6 2. Nf3 c5 3. d5 b5 4. Bg5 g6 5. Bxf6 exf6 6. e4 b4 7. Nbd2 Bg7 8. Nc4 d6 9. Bd3 0-0 10. 0-0 Qc7 11. Nfd2 Nd7 12. f4 Ba6 13. Qf3 Bxc4 14. Nxc4 Nb6 15. Rae1 Rae8 16. g4 Re7 17. Re2 Rfe8 18. h4 Nxc4 19. Bxc4 f5 20. gxf5 gxf5 21. Rg2 fxe4 22. Qh5 f5 23. Qxf5 Kh8 24. Qh5 Rf8 25. Kh1 Bd4 26. f5 Rg7 27. Rg5 Bf6 28. Rg6 Qf7 29. Rfg1 Bd4 30. R1g3 Qxf5 31. Qxf5 Rxf5 32. Rxg7 Bxg7 33. Re3 Rf4 34. b3 Rxh4+ 35. Kg2 Be5 36. Kf1 Kg7 37. Ke1 Kf6 38. Bf1 Bf4 39. Re2 Ke5 40. Bg2 Bg3+ 41. Kd2 Bf4+ 42. Kd1 e3 43. Re1 Rg4 44. Bf3 Rg3 45. Ke2 Rh3 46. Rg1 Rh2+ 47. Bg2 Bg5 48. Kf3 h6 49. a3 bxa3 50. Ra1 Rh4 51. Ra2 Rd4 52. Bf1 Rf4+ 53. Ke2 Rf2+ 54. Ke1 Bh4 55. Be2 Rh2+ 56. Kf1 Kf4 57. Rxa3 Kg3 58. Bd3 Kf3 0-1

[Event "POL-ch U16"]
[Site "Sypniewo"]
[Date "2022.03.27"]
[Round "9"]
[White "Wiatrowski, Zbigniew"]
[Black "Karut, Kacper"]
[Result "1/2-1/2"]
[WhiteElo "1880"]
[BlackElo "1763"]
[PlyCount "118"]
[EventDate "2022.03.19"]
[EventType "swiss"]
[EventRounds "9"]
[EventCountry "POL"]
[SourceTitle "CBM 207 Extra"]
[Source "ChessBase"]
[SourceDate "2022.05.31"]
[SourceVersion "1"]
[SourceVersionDate "2022.05.31"]
[SourceQuality "1"]

1. e4 c5 2. Nf3 Nc6 3. d4 cxd4 4. Nxd4 Nf6 5. Nc3 d6 6. Be2 e5 7. Nf3 h6 8. 0-0 Be7 9. Re1 0-0 10. Bf1 Be6 11. Nd5 Bxd5 12. exd5 Nb8 13. c4 Nbd7 14. Nh4 Ne8 15. Nf5 Bg5 16. Qg4 Nc5 17. b4 Na6 18. c5 Nac7 19. Rd1 Qf6 20. h4 Bxc1 21. Raxc1 g6 22. Ng3 Qe7 23. h5 Kh7 24. Ne4 Rd8 25. Bd3 Rg8 26. cxd6 Nxd6 27. Nf6+ Qxf6 28. Rxc7 Kh8 29. hxg6 fxg6 30. Qh3 Qg5 31. Re1 Rg7 32. Rxg7 Kxg7 33. Qe6 Nf7 34. Re3 Rd6 35. Qc8 Qe7 36. Qg4 Qg5 37. Qe4 Qf4 38. Qxf4 exf4 39. Re7 Kf6 40. Rxb7 Rxd5 41. Bc2 Rd2 42. Bb3 Ne5 43. Rxa7 Ng4 44. b5 Re2 45. Rf7+ Kg5 46. g3 fxg3 47. fxg3 Ne5 48. Rf2 Re4 49. Rf4 Rxf4 50. gxf4+ Kxf4 51. a4 Nd7 52. Be6 Nc5 53. b6 Ke5 54. Bf7 g5 55. a5 Kd6 56. Be8 Na6 57. Bb5 Nb8 58. Be2 Kc6 59. Kg2 Nd7 1/2-1/2

[Event "POL-ch U16"]
[Site "Sypniewo"]
[Date "2022.03.26"]
[Round "8"]
[White "Grzadka, Artur"]
[Black "Wiatrowski, Zbigniew"]
[Result "1/2-1/2"]
[WhiteElo "1710"]
[BlackElo "1880"]
[PlyCount "132"]
[EventDate "2022.03.19"]
[EventType "swiss"]
[EventRounds "9"]
[EventCountry "POL"]
[SourceTitle "CBM 207 Extra"]
[Source "ChessBase"]
[SourceDate "2022.05.31"]
[SourceVersion "1"]
[SourceVersionDate "2022.05.31"]
[SourceQuality "1"]

1. c4 c5 2. Nc3 Nf6 3. g3 d5 4. cxd5 Nxd5 5. Bg2 Nc7 6. Nf3 Nc6 7. a4 e5 8. d3 Be7 9. 0-0 0-0 10. Nd2 Be6 11. a5 Qd7 12. Nc4 Bh3 13. Bxh3 Qxh3 14. f4 exf4 15. Bxf4 Ne6 16. Nd5 Rfe8 17. e4 Ncd4 18. Nce3 h5 19. Be5 Rad8 20. Bxd4 cxd4 21. Ng2 Qg4 22. Ngf4 Qxd1 23. Rfxd1 Bg5 24. Nxh5 Be3+ 25. Kg2 Rc8 26. Nb4 Rc5 27. Nf4 Rb5 28. Nfd5 Kf8 29. h4 Rc8 30. Kf3 Rcc5 31. a6 b6 32. Ra4 Bc1 33. b3 Bb2 34. Rb1 Bc3 35. Nc2 Ra5 36. Na3 Rxa4 37. bxa4 Ra5 38. Nb5 Rxa4 39. Nxa7 Rxa6 40. Rxb6 Rxb6 41. Nxb6 Be1 42. Na4 Ke7 43. Nb5 Kd7 44. Na3 Kc6 45. Nc2 Ba5 46. Nb2 Kc5 47. Nc4 Bc7 48. e5 g6 49. g4 Ng7 50. Nd6 Bxd6 51. exd6 Kxd6 52. Nxd4 Kd5 53. Ke3 Ne8 54. Ne2 Nf6 55. Nc3+ Ke6 56. Kf4 Nh7 57. d4 f6 58. d5+ Kd6 59. h5 Nf8 60. h6 Nh7 61. Ne4+ Kxd5 62. Nxf6+ Nxf6 63. Kg5 Ke6 64. Kxg6 Nxg4 65. h7 Ne5+ 66. Kg7 Nf7 1/2-1/2

[Event "POL-ch U16"]
[Site "Sypniewo"]
[Date "2022.03.23"]
[Round "5"]
[White "Goral, Jan"]
[Black "Wiatrowski, Zbigniew"]
[Result "0-1"]
[WhiteElo "1618"]
[BlackElo "1880"]
[PlyCount "76"]
[EventDate "2022.03.19"]
[EventType "swiss"]
[EventRounds "9"]
[EventCountry "POL"]
[SourceTitle "CBM 207 Extra"]
[Source "ChessBase"]
[SourceDate "2022.05.31"]
[SourceVersion "1"]
[SourceVersionDate "2022.05.31"]
[SourceQuality "1"]

1. Nf3 c5 2. c4 Nc6 3. g3 g6 4. Bg2 Bg7 5. 0-0 e5 6. d3 Nge7 7. Nc3 0-0 8. a3 a5 9. Ne1 d6 10. Nc2 Be6 11. Ne3 f5 12. Ned5 h6 13. Bd2 g5 14. Rb1 Rb8 15. b4 axb4 16. axb4 b6 17. bxc5 bxc5 18. Qa4 Qd7 19. Qa6 Kh7 20. Nxe7 Nxe7 21. Rb6 Rxb6 22. Qxb6 e4 23. Rb1 Nc6 24. Qb7 Qxb7 25. Rxb7 Ne5 26. dxe4 Nxc4 27. exf5 Bc8 28. Rc7 Bxf5 29. Be1 Kh8 30. h3 Rb8 31. Kh2 Rb2 32. e4 Bg6 33. Bf1 Nd2 34. Bxd2 Rxd2 35. Ne2 Bxe4 36. Rc8+ Kh7 37. Kg1 Bd3 38. Re8 c4 0-1

[Event "POL-ch U16"]
[Site "Sypniewo"]
[Date "2022.03.21"]
[Round "3"]
[White "Rzenca, Jerzy"]
[Black "Wiatrowski, Zbigniew"]
[Result "1/2-1/2"]
[WhiteElo "1586"]
[BlackElo "1880"]
[PlyCount "87"]
[EventDate "2022.03.19"]
[EventType "swiss"]
[EventRounds "9"]
[EventCountry "POL"]
[SourceTitle "CBM 207 Extra"]
[Source "ChessBase"]
[SourceDate "2022.05.31"]
[SourceVersion "1"]
[SourceVersionDate "2022.05.31"]
[SourceQuality "1"]

1. e4 c5 2. Nc3 e6 3. f4 a6 4. g3 b5 5. Bg2 Bb7 6. d3 d5 7. Qe2 b4 8. exd5 bxc3 9. dxe6 Bxg2 10. exf7+ Kxf7 11. Qxg2 Ra7 12. Nf3 Nf6 13. Ne5+ Kg8 14. bxc3 Qd5 15. 0-0 Qxg2+ 16. Kxg2 Nbd7 17. Re1 Nxe5 18. fxe5 Nd5 19. Rb1 h6 20. Rb8 Kh7 21. Ba3 Be7 22. Rxh8+ Kxh8 23. c4 Nc3 24. Rf1 Kg8 25. e6 Ne2 26. Bb2 Nd4 27. Bxd4 cxd4 28. Kf3 Bf6 29. Rb1 Rc7 30. Rb8+ Kh7 31. Rb6 Kg6 32. Rxa6 Kf5 33. a4 Ke5 34. Ra5+ Kxe6 35. Rd5 Ra7 36. a5 Bg5 37. Ke4 Bd2 38. Kxd4 Bxa5 39. Re5+ Kf6 40. Re2 Bb4 41. Kd5 Rc7 42. Rf2+ Ke7 43. Re2+ Kf6 44. Rf2+ 1/2-1/2

[Event "POL-ch U14"]
[Site "Uniejow"]
[Date "2021.07.22"]
[Round "6"]
[White "Wiatrowski, Zbigniew"]
[Black "Trzebinski, Patryk"]
[Result "1-0"]
[WhiteElo "1860"]
[BlackElo "1609"]
[PlyCount "119"]
[EventDate "2021.07.18"]
[EventType "swiss"]
[EventRounds "9"]
[EventCountry "POL"]
[SourceTitle "EXT 2022"]
[Source "ChessBase"]
[SourceDate "2021.10.06"]
[SourceVersion "1"]
[SourceVersionDate "2021.10.06"]
[SourceQuality "1"]

1. e4 d5 2. exd5 Nf6 3. d4 Nxd5 4. Nf3 Bg4 5. Be2 e6 6. 0-0 Be7 7. c4 Nb6 8. Nc3 0-0 9. Be3 Nc6 10. b3 f5 11. Ne5 Bxe2 12. Nxe2 Nxe5 13. dxe5 g5 14. Bxb6 axb6 15. Nd4 Qd7 16. Nxf5 Qxd1 17. Nxe7+ Kf7 18. Raxd1 Kxe7 19. Rd2 Rf5 20. Rfd1 Rxe5 21. Rd7+ Ke8 22. Rxh7 Rxa2 23. Rxc7 Rd2 24. Rf1 Rb2 25. Rxb7 Rxb3 26. h4 gxh4 27. Ra1 Rd3 28. Ra8+ Rd8 29. Raa7 Rh5 30. Rxb6 e5 31. Kh2 Rc8 32. Kh3 Rf5 33. f3 Rf7 34. Re6+ Kf8 35. Rxf7+ Kxf7 36. Rxe5 Rxc4 37. Rh5 Kg6 38. Rxh4 Rc5 39. Ra4 Kg5 40. Kg3 Kf5 41. Rh4 Kg5 42. f4+ Kg6 43. Kg4 Rc4 44. g3 Rb4 45. Rh5 Ra4 46. Rb5 Ra6 47. Rb4 Ra5 48. Rb6+ Kf7 49. f5 Kg7 50. Kg5 Ra7 51. g4 Rc7 52. Kh5 Rc1 53. Ra6 Rc5 54. Kg5 Rc7 55. Rg6+ Kf7 56. Rh6 Kg7 57. f6+ Kg8 58. Kg6 Rg7+ 59. Kf5 Ra7 60. g5 1-0